Groundwater (Record no. 544587)

000 -LEADER
fixed length control field 00456nam a2200169 a 4500
020 ## - INTERNATIONAL STANDARD BOOK NUMBER
International Standard Book Number 0133653129 (hb)
082 ## - DEWEY DECIMAL CLASSIFICATION NUMBER
Classification number 551.498
Author Mark FRE
-- L-36, P-131. :
100 1# - MAIN ENTRY--PERSONAL NAME
Personal name Freeze, R. Allan
9 (RLIN) 2267
245 1# - TITLE STATEMENT
Title Groundwater
260 ## - PUBLICATION, DISTRIBUTION, ETC.
Place of publication, distribution, etc. London:
Name of publisher, distributor, etc. Printice Hall ,
Date of publication, distribution, etc. 1979
300 ## - PHYSICAL DESCRIPTION
Extent 604p.
526 ## - STUDY PROGRAM INFORMATION NOTE
Program name 0
Interest level 0
Reading level 0
Title point value 551_498000000000000_FRE
650 ## - SUBJECT ADDED ENTRY--TOPICAL TERM
Topical term or geographic name entry element MCE
9 (RLIN) 379
650 ## - SUBJECT ADDED ENTRY--TOPICAL TERM
Topical term or geographic name entry element Nater, Under Ground
9 (RLIN) 40251
700 ## - ADDED ENTRY--PERSONAL NAME
Personal name Cherry, John A. (Jt.)
9 (RLIN) 40252
942 ## - ADDED ENTRY ELEMENTS (KOHA)
Source of classification or shelving scheme
Koha item type Book
Holdings
Withdrawn status Lost status Source of classification or shelving scheme Damaged status Not for loan Permanent Location Current Location Date acquired Total Checkouts Full call number Barcode Date last seen Date last checked out Price effective from Koha item type
          Military College of Engineering (MCE) Military College of Engineering (MCE) 05/08/2014 1 551.498 FRE MCE-41809 05/09/2014 05/09/2014 05/08/2014 Book
© 2023 Central Library, National University of Sciences and Technology. All Rights Reserved.